000 01030cam a22001935a 4500
001 L155385
008 120320s1777 xxk f 000 0 eng d
035 _a(Sirsi) u155385
041 0 _aeng
100 1 _aHoppus, E.
_q(Edward)
_dd. 1739
245 0 0 _aPractical measuring made easy to the meanest capacity
_bby a new set of tables: ... With a preface, shewing the excellence of this new method of measuring, ... By E. Hoppus, ... The tenth edition. Greatly improved, by the following additions, I. New tables ... III. Some very curious observations ...
260 _aLondon
_bprinted, by assignment from the trustees of E. Wicksteed, for J. F. and C. Rivington, J. Hinton, S. Crowder, T. Caslon, B. Law, G. Robinson, R. Baldwin, and J. Taylor
_c1777
300 _alxxvi, 204 p., plate
_bill.
_clong 8o
520 _aHalf-title: "Mr. Hoppus's measurer greatly enlarged and improved.".
583 _aCondition reviewed
_c20120620
_lcondition level 1
651 4 _aGreat Britain
_y1707-
690 _aMeasurement
_96256
942 _n0
999 _c113528
_d113528